państwa z populacją powyżej 100M + stolice - Statystyki

Ogólne statystyki
  • Ten quiz został rozwiązany 67 razy
  • Średni wynik to 13 z 17
Statystyki odpowiedzi
populacja kraj/stolica % Poprawnych
1 410 539 758 chiny/pekin
98%
1 411 415 000 indie/nowe delhi
98%
337 341 954 USA/waszyngton
93%
217 240 060 brazylia/brasilia
89%
142 021 981 rosja/moskwa
89%
277 329 163 indonezja/dżakarta
87%
225 082 083 nigeria/abudża
83%
107 770 524 egipt/kair
81%
165 650 475 bangladesz/dhaka
78%
124 214 766 japonia/tokio
78%
129 150 971 meksyk/meksyk
78%
242 923 845 pakistan/islamabad
76%
103 808 319 wietnam/hanoi
70%
113 656 596 etiopia/addis abeba
69%
114 597 229 filipiny/manila
65%
108 407 721 demokratyczna republika konga/kinszasa
61%
450 131 902 unia europejska/bruksela
26%
Nie znaleziono quizów pasujących do podanych kryteriów
Rozkład punktacji
Procent ludzi z każdym wynikiem
Percentyl według liczby udzielonych odpowiedzi
Twoja historia wyników
Nie rozwiązałeś tego quizu